01699nam a2200349 i 4500001001000000003000900010005001700019007000300036008004100039020001500080040003000095041000800125082002200133111011300155245015100268264011100419300002800530336002700558337003300585338002800618490002500646500007400671590002600745650008000771651011200851700006000963910003701023942001401060952013001074952013001204999001501334000003683DO-SdBNP20251031082939.0ta090713s2002 sp 001 0 spa d a8484271803 aDO-SdBNPbspacBNPHUerda aspa 4a340.57bC749d2221 aCongreso Internacional de Historia del Derecho Indianon(12 :d1998 :cToledo, España)9112744aut.eautor10aDerecho y administración pública en las indias hispánicas :bactas del XII Congreso Internacional /ccoordinador, Feliciano Barrios Pintado. 1aCastilla-La Mancha, España :bUniversidad de Castilla-La Mancha ;bCortes de Castilla- La Mancha,c2002. a2 volúmenes ;c25 cm. atextobtxt2rdacontent asin mediaciónbn2rdamedia avolumenbnc2rdacarrier0 aInstitucionales v20 aIncluye referencias bibliográficas y notas al pie de las páginas. aInventariado, 2024/BT 4aDerecho colonial españolzAméricavCongresos, conferencias, etc.911275 0aAmérica Latina xAdministración públicaxHistoriaySiglo XVI-XIXvCongresos, conferencias, etc.940921 aBarrios Pintado, Feliciano,ecoordinador9112774coord. aValidado. Control de calidad EMS 2ddccLBS1 00102ddc56708GRaBNPHUbBNPHUcHDd2009-07-13eCompraoBNPHU GR 340.57 C749d p3683-10r2020-06-25tv.1w2020-06-25yLBS1 00102ddc56708GRaBNPHUbBNPHUcHDd2009-07-22eCompraoBNPHU GR 340.57 C749d p3683-20r2020-06-25tv.2w2020-06-25yLBS1 c3505d3505